000 01087nam a2200265Ia 4500
003 Ost
005 20260507074947.0
008 260507s9999||||xx |||||||||||||| ||und||
020 _a9789957244002
040 _cfsecg
041 _aara
082 _a657.45
100 _aجمعة، احمد حلمي
_eمؤلف
245 0 _aتطور معايير التدقيق و التأكيد الدولية و قواعد اخلاقيات المهنة /
_c احمد حلمي جمعة
260 _aعمان:
_bدار صفاء للنشر,
_c2009
300 _a200 صفحة؛
_c24 سم
490 _aسلسلة الكتب المهنية
504 _aسلسلة الكتب المهنية
520 _aادلة التدقيق -الارصدة الافتتاحية -الاحداث اللاحقة -الاطراف ذات العلاقة -الاجراءات التحليلية -العينات الاحصائية
653 _aالمحاسبة
653 _aالمحاسبة المالية
653 _aالمحاسبون
653 _aتدقيق الحسابات
942 _cكتاب
999 _c41967
_d41967